| 000 | 005860000a22001810004500 | ||
|---|---|---|---|
| 020 | _a1-56063-878-8 | ||
| 041 | 0 | _aSPA | |
| 082 | 0 | 4 | _aG 248.842 D6351s |
| 245 | 1 | 0 | _aLas siete promesas de un cumplidor de su palabra : Hombres que cumplen sus promesas / James Dobson [et.al.] ; Guillermo Vazquéz, Traductor |
| 260 | _aMiami, FL : Unilit | ||
| 300 | _a227 Pág. | ||
| 500 | _aTítulo original : Seven promises of a promise keeper | ||
| 001 | 13887 | ||
| 942 | _cBK | ||
| 999 |
_c42822 _d42822 |
||
| 336 |
_atexto _btxt _2rdacontent |
||
| 337 |
_2rdamedia _asin mediación _bn |
||
| 338 |
_2rdacarrier _avolumen _bnc |
||